[Event "Irish Championship 2020"]
[Site "Dublin"]
[Date "2020.08.02"]
[Round "2.16"]
[White "Mirza, Diana"]
[Black "MacElligott, Gerard"]
[Result "0-1"]
[WhiteElo "1939"]
[BlackElo "2020"]
[Annotator "TA"]
[PlyCount "74"]
[EventDate "2020.08.01"]
[EventType "swiss"]
[EventCountry "IRL"]
[SourceTitle "playchess.com"]
[Source "ChessBase"]
[SourceQuality "1"]

{[%evp 17,74,25,18,0,0,0,0,0,0,0,41,48,52,27,32,-12,-21,-29,-6,-20,-16,-6,12,-28,37,0,44,31,38,-283,-291,-284,-239,-248,-233,-216,-233,-233,-229,-194,-221,-214,-161,-161,-114,-171,-168,-237,-221,-227,-228,-208,-139,-255,-235,-471,-202,-636,-626]} 1. e4 c6 2. d4 d5 3. exd5 cxd5 4. Bd3 Nc6 5. c3 Nf6 6. Bf4 Bg4 7. Qb3 Qd7 8. Nd2 e6 9. Ngf3 Bd6 10. Ne5 {B13: Caro-Kann: Exchange Variation and Panov-Botvinnik Attack.} Qc7 {[%cal Rc6e5]} 11. Nxg4 Bxf4 12. Nxf6+ {The position is equal.} gxf6 13. Nf3 {[#]} O-O $146 ({Predecessor:} 13... O-O-O 14. g3 Bh6 15. O-O f5 16. Rae1 Rhg8 17. Qd1 f4 18. Bb5 Ne7 19. Bd3 Bg5 {1-0 (39) Zhalmakhanov,R (2324)-Markov,M (2368) Almaty 2019}) 14. g3 Bh6 15. Kf1 Kh8 16. Qc2 e5 17. Bxh7 e4 18. Bxe4 dxe4 19. Qxe4 Ne7 20. Re1 Qc6 (20... Rfe8 $11) 21. Kg2 {[%mdl 1024] White has compensation.} Nd5 22. Qh4 Kh7 $1 23. Re4 $2 {[%mdl 8192] [#]} (23. Qh5 $14 {stays ahead.}) 23... f5 $1 $19 {[%cal Rf5e4]} 24. Ne5 {[#]} Nf4+ $1 {[%mdl 576] Decoy} 25. Qxf4 (25. gxf4 Rg8+) 25... Qxe4+ 26. Qxe4 fxe4 27. Nd7 Rfd8 28. Nf6+ Kg6 29. Nxe4 b6 {Hoping for ...f5.} 30. f4 Rd7 31. Kf3 (31. Re1 $17) 31... Re8 32. Nf2 (32. g4 $142) 32... Rde7 33. Ng4 f6 34. h4 Kg7 35. b3 (35. Rh2 $17) 35... Re2 36. a4 $2 (36. Rh2 Re1 37. Rd2) 36... R8e4 (36... Rc2 $142 37. Nxh6 Rxc3+ 38. Kg4 Kxh6) 37. Rc1 $2 (37. Rh2 Re1 38. Rc2) 37... f5 {Accuracy: White = 48%, Black = 59%.} 0-1

[Event "Irish Championship 2020"]
[Site "Dublin"]
[Date "2020.08.03"]
[Round "3.1"]
[White "Daly, Colm"]
[Black "O`Gorman, Tom"]
[Result "1/2-1/2"]
[WhiteElo "2248"]
[BlackElo "2345"]
[Annotator "TA"]
[PlyCount "109"]
[EventDate "2020.08.01"]
[EventType "swiss"]
[EventCountry "IRL"]
[SourceTitle "playchess.com"]
[Source "ChessBase"]
[SourceQuality "1"]

{[%evp 14,109,63,59,70,33,27,47,31,42,45,7,18,9,13,8,6,13,13,3,10,3,9,2,29,5,29,4,21,7,18,14,45,45,89,64,122,114,147,152,158,150,148,151,148,129,129,107,129,122,136,122,128,92,111,0,0,0,0,0,0,0,0,0,0,0,0,0,0,0,0,0,0,0,0,0,0,0,0,0,0,0,0,0,0,0,0,0,0,0,0,0,0,0,0,0,0,0]} 1. d4 Nf6 2. Nf3 c5 3. d5 e6 4. Nc3 exd5 5. Nxd5 Nxd5 6. Qxd5 Nc6 7. e4 d6 8. Ng5 {[%csl Gg5][%cal Rd5f7] [#]} Qe7 {A43: Schmid Benoni.} 9. Bb5 Bd7 10. Bc4 {[%cal Rg5f7]} Nd8 {White is slightly better.} 11. O-O h6 12. Nf3 (12. Nh3 {feels hotter.} Nc6 13. Nf4 g5 14. Nh5 O-O-O 15. Qxf7 Qxe4 16. Nf6) 12... Nc6 {[#]} 13. Bd2 $146 (13. b3 {seems wilder.} O-O-O 14. Bb2 Be6 15. Qd3 Nb4 16. Qe2) ({Predecessor:} 13. Bf4 Be6 14. Qd3 Bxc4 15. Qxc4 Qe6 16. Qd3 Be7 17. c3 O-O 18. Rfd1 Rad8 19. Qd5 {½-½ (34) Kosic,D (2480)-Smith,A (2480) Budapest 2015}) 13... Be6 14. Qd3 Bxc4 15. Qxc4 Qe6 16. Qd3 Be7 17. Bc3 Bf6 18. Rad1 {next Bxf6 is good for White.} O-O-O 19. Bxf6 Qxf6 20. c3 Rhe8 21. Rfe1 Ne5 22. Nxe5 Qxe5 23. Re3 Rf8 24. Qe2 f5 (24... Rfe8 $14) 25. Rd5 $36 {[%mdl 2048] White is in control.} Qf4 26. g3 Qg4 27. exf5 Qxe2 28. Rxe2 {[%mdl 4096] Endgame KRR-KRR} Kd7 29. c4 Rfe8 30. Kf1 Kc6 31. Red2 a6 32. a4 Rd7 33. R2d3 Rb8 34. g4 ({White should try} 34. Ra3 $16) 34... b5 $1 $11 {The position is equal.} 35. axb5+ axb5 36. cxb5+ Rxb5 37. Rd2 Rxb2 {[#]} 38. Rxd6+ $1 {[%mdl 512]} Rxd6 39. Rxb2 {KR-KR} c4 40. Ke2 Rd7 41. Rd2 {Strongly threatening Rxd7.} Re7+ 42. Kd1 Kc5 43. Rd8 Kb4 44. Kd2 Ra7 45. Rb8+ Kc5 46. h4 Kd4 47. Rd8+ Ke4 48. Kc3 Kf3 49. Rd4 Kxf2 50. Kxc4 {Threatens to win with Kd5.} Kg3 {White must now prevent ...Ra4+.} 51. g5 hxg5 52. hxg5 {aiming for Kd5.} Rf7 53. f6 gxf6 54. gxf6 Rxf6 55. Rd3+ {White really could win this. Accuracy: White = 90%, Black = 87%.} 1/2-1/2

[Event "Irish Championship 2020"]
[Site "Dublin"]
[Date "2020.08.03"]
[Round "3.2"]
[White "Kanyamarala, Tarun"]
[Black "Melaugh, Shane"]
[Result "1-0"]
[WhiteElo "2381"]
[BlackElo "2161"]
[Annotator "TA"]
[PlyCount "109"]
[EventDate "2020.08.01"]
[EventType "swiss"]
[EventCountry "IRL"]
[SourceTitle "playchess.com"]
[Source "ChessBase"]
[SourceQuality "1"]

{[%evp 19,109,33,33,38,45,43,48,22,26,20,22,20,81,19,17,0,0,0,154,158,168,150,163,154,152,148,368,372,370,354,441,429,451,386,401,414,427,403,478,435,523,533,464,354,360,345,494,484,467,460,443,454,436,415,479,412,472,472,465,456,437,394,516,514,582,553,579,577,541,521,587,589,576,570,661,670,705,671,2269,1853,12839,9295,12839,1923,12841,12841,12841,12842,12842,12843,12844,12843]} 1. e4 d6 2. d4 Nf6 3. Nc3 Nbd7 4. Nf3 e5 5. Bc4 Be7 6. O-O c6 7. a4 h6 8. Re1 Qc7 9. h3 O-O 10. Be3 Re8 11. Qd2 {C41: Philidor Defence.} Bf8 12. Ba2 exd4 13. Bxd4 {[#] White is slightly better.} Ne5 $146 ({Predecessor:} 13... Qa5 14. Qf4 Ne5 15. Rab1 Nh5 16. Qe3 Be6 17. b4 Nxf3+ 18. Qxf3 Qg5 19. Bxe6 Rxe6 {1-0 (87) Garcia Blanco,O (2251)-Brito Garcia,A (2304) Gran Canaria 2013}) 14. Nh4 {White wants to play f4.} Be6 15. f4 {Strongly threatening Bxe6.} Ned7 {[#]} (15... Bxa2 $11 {remains equal.} 16. Rxa2 Rad8) 16. Bxe6 (16. b3 $1 $16) 16... Rxe6 $11 17. a5 Rae8 {[%cal Rf6e4]} 18. Qd3 $36 {[%mdl 2048] White has good play.} Nxe4 $2 (18... Nd5 $11) 19. Rxe4 $16 Rxe4 20. Nxe4 {And now Ng3 would win.} d5 21. Nc3 Qxf4 {[#]} 22. Nf3 $1 c5 $2 {Black cannot hold the game after this.} (22... a6 $16 23. Ne2 Qc7) 23. Nxd5 $18 Qd6 24. Bf2 Nf6 25. Nxf6+ Qxf6 26. c3 Bd6 27. a6 b6 28. Re1 Rd8 {aiming for ...Bh2+!} 29. Qe4 Bb8 30. Qe7 Qd6 31. Qxd6 Bxd6 32. c4 f6 (32... Kf8 {is a better defense.} 33. Kf1 Rd7) 33. Kf1 Bf8 34. Ke2 Kf7 35. Rd1 Re8+ 36. Kd3 g5 37. Re1 Rd8+ 38. Kc2 Bd6 39. Rd1 Ke7 40. Nd2 f5 41. Nb1 {White is clearly winning.} Rf8 42. Nc3 f4 43. Nb5 Bb8 44. Rd5 Rg8 45. Kd3 Ke6 46. Ke4 Re8 47. Kf3 Rf8 48. h4 gxh4 49. Bxh4 Rg8 50. Rd8 Rxd8 51. Bxd8 Kd7 {[#]} 52. Bxb6 $1 {[%mdl 512]} axb6 53. a7 Bxa7 54. Nxa7 Kd6 55. Ke4 {Accuracy: White = 95%, Black = 40%.} 1-0

[Event "Irish Championship 2020"]
[Site "Dublin"]
[Date "2020.08.03"]
[Round "3.3"]
[White "Jackson, Carl"]
[Black "Kanyamarala, Trisha"]
[Result "0-1"]
[WhiteElo "2021"]
[BlackElo "2193"]
[Annotator "TA"]
[PlyCount "48"]
[EventDate "2020.08.01"]
[EventType "swiss"]
[EventCountry "IRL"]
[SourceTitle "playchess.com"]
[Source "ChessBase"]
[SourceQuality "1"]

{[%evp 9,48,-5,15,0,0,0,0,-82,-64,-49,-62,-68,-62,-74,-62,-56,0,-116,-101,-120,-124,-202,-197,-246,-243,-280,-254,-253,-231,-366,-332,-457,-467,-425,-420,-562,-491,-658,-651,-1247,-1239]} 1. e4 c5 2. b4 cxb4 3. a3 e6 4. d4 bxa3 5. Nf3 d6 6. Bd3 {B20: Sicilian: Unusual White 2nd moves.} Nf6 7. Nxa3 Be7 {[#]} 8. g4 $146 (8. O-O $11) ({Predecessor:} 8. O-O O-O 9. Qe2 Nc6 10. e5 Nd5 11. c4 Ndb4 12. Bb1 d5 13. Rd1 b6 14. Nb5 a5 15. h4 dxc4 16. Ng5 {1-0 (28) Stukner,S (2161)-Jaworski,M (2321) Karvina 2012}) 8... e5 9. g5 Nfd7 10. c3 exd4 11. cxd4 Nc6 12. h4 d5 ({Black should play} 12... Nb4 $15) 13. e5 (13. exd5 $11 Nb4 14. Nc4 Nxd5 15. O-O) 13... Nb6 $17 14. Rg1 Be6 15. Bd2 (15. Rg3 $17) 15... Nc4 $19 16. Nc2 b5 {[%cal Bb7b5,Bb5c4][%mdl 32]} 17. Qb1 Qb6 18. Be3 {With the idea Bxc4.} Rb8 19. Bxc4 (19. h5 $142) 19... bxc4 20. Qxb6 axb6 ({Less strong is} 20... Rxb6 21. Bc1 $19) 21. Bd2 b5 {[%cal Bb6b5,Bb5b4][%mdl 32]} 22. Rb1 b4 {Black is clearly winning.} 23. Ke2 Bf5 24. Ne3 Bd3+ {Accuracy: White = 36%, Black = 93%.} 0-1

[Event "Irish Championship 2020"]
[Site "Dublin"]
[Date "2020.08.03"]
[Round "3.4"]
[White "Fitzsimons, David"]
[Black "Murray, David"]
[Result "1-0"]
[WhiteElo "2334"]
[BlackElo "2152"]
[Annotator "TA"]
[PlyCount "73"]
[EventDate "2020.08.01"]
[EventType "swiss"]
[EventCountry "IRL"]
[SourceTitle "playchess.com"]
[Source "ChessBase"]
[SourceQuality "1"]

{[%evp 21,73,16,14,0,11,7,9,0,0,0,63,0,63,6,87,84,84,81,104,101,97,101,150,146,207,99,207,195,374,350,446,437,413,435,439,418,372,368,428,405,367,316,322,313,1197,1203,1186,1180,1198,801,29993,29994,29997,880]} 1. d4 Nf6 2. Nf3 d5 3. g3 e6 4. Bg2 Be7 5. c4 O-O 6. O-O dxc4 7. Qc2 a6 8. a4 Bd7 9. Qxc4 Bc6 10. Bg5 a5 11. Nc3 Na6 12. Rfe1 {E05: Open Catalan: 5 Nf3 Be7.} Nb4 13. Rac1 h6 14. Bd2 {The position is equal.} Nfd5 {[#]} 15. Qb3 $146 ({Predecessor:} 15. Nxd5 exd5 16. Qb3 Qe8 17. Ra1 Bd6 18. Ne5 Bxe5 19. dxe5 Ra6 20. Bxb4 Rb6 21. Bxd5 Rxb4 22. Bxc6 Rxb3 23. Bxe8 Rxe8 {1-0 (49) Wadsworth,M (1975)-Jones,V (2207) England 2012}) 15... Bf6 ({Black should play} 15... Nf6 $11) 16. Red1 (16. Nb5 $14) 16... Qe8 (16... Nxc3 $11 17. bxc3 Nd5) 17. Ra1 (17. Nb5 $1 $14) 17... Rd8 (17... Nxc3 $11 18. bxc3 Nd5) 18. e4 $16 Nb6 19. Bf4 Rd7 20. Rd2 Qa8 21. Rad1 Rfd8 22. h4 Kh7 {[#]} (22... Re8 $16 23. d5 exd5) 23. Kh2 (23. g4 $1 $18 {and White stays clearly on top.}) 23... Kg8 {[#]} (23... Qa6 $16) 24. g4 $1 $18 Qa6 $2 (24... Be7 {was worth a try.} 25. g5 hxg5 26. hxg5 Rf8) 25. Bf1 Qa7 26. g5 hxg5 27. hxg5 Be7 28. Ne5 Bd6 29. g6 Bxe5 30. Bxe5 Re8 31. gxf7+ Rxf7 32. Bh3 Rf3 $2 (32... Qa6 33. Nb5 (33. Bxe6 Rxe6 34. Qxe6 Bd7 $18) 33... Ree7) 33. Bxe6+ Kf8 34. Rg1 {[%cal Bd1g1,Bg1g7,Bg7f7][%mdl 32] Black must now prevent Nd5!} Bxe4 35. Rxg7 Qa6 36. Nxe4 {[%cal Rb3f3][%mdl 64] Discovered Attack} Rxb3 37. Rf7+ {Accuracy: White = 70%, Black = 32%.} ({Inferior is} 37. Bxb3 N6d5 $11) 1-0

[Event "Irish Championship 2020"]
[Site "Dublin"]
[Date "2020.08.03"]
[Round "3.5"]
[White "Casey, Eoghan"]
[Black "Delaney, Killian"]
[Result "0-1"]
[WhiteElo "1954"]
[BlackElo "2314"]
[Annotator "TA"]
[PlyCount "93"]
[EventDate "2020.08.01"]
[EventType "swiss"]
[EventCountry "IRL"]
[SourceTitle "playchess.com"]
[Source "ChessBase"]
[SourceQuality "1"]

{[%evp 9,93,6,12,4,12,0,0,-23,-5,-8,0,6,1,0,10,-102,-70,-93,-81,-102,-98,-141,-136,-402,-401,-338,-251,-279,-132,-416,-133,-125,-138,-135,-133,-93,-54,-93,-105,-94,-7,-9,-12,-33,12,0,0,0,39,-164,-179,-172,-183,-195,-138,-331,-337,-366,-329,-356,-235,-316,-303,-430,-422,-416,-325,-525,-518,-455,-360,-357,-368,-349,-258,-462,-429,-719,-732,-757,-755,-814,-804,-795,-787,-29989]} 1. d4 Nf6 2. Bf4 c5 3. e3 Qb6 4. Na3 d6 5. Nc4 Qc7 6. h3 {A45: Trompowsky Attack.} g6 7. Nf3 Bg7 8. a4 {The position is equal.} O-O 9. Be2 {[#]} Nbd7 $146 ({Predecessor:} 9... Be6 10. Na3 Qb6 11. O-O Nc6 12. c4 Bf5 13. Bd3 Bxd3 14. Qxd3 Nh5 15. d5 Nb4 {½-½ (43) Van Foreest,L (2393)-Chartier,T (2199) Bruges 2016}) 10. O-O cxd4 11. exd4 b6 12. d5 (12. Ne3 $11 {remains equal.}) 12... Bb7 13. Ne3 Nh5 14. Bg5 Bxb2 15. Nd4 Bxa1 16. Bxh5 $2 {[%mdl 8192]} (16. Qxa1 $17 Nhf6 17. c4) 16... Bxd4 $19 17. Qxd4 f6 18. Bg4 fxg5 (18... h5 $19 {is more deadly.} 19. Qe4 Ne5 20. Be6+ Kg7) 19. Be6+ $17 {[#]} Rf7 $1 {Hoping for ...Ne5.} 20. Ng4 {Nh6+ would kill now.} (20. Bxf7+ Kxf7) 20... Nf6 21. Nh6+ Kg7 $1 22. Nxf7 h6 {And now ...Qc5 would win.} 23. h4 Qc5 24. Qxc5 dxc5 ({Black should try} 24... bxc5 $17 25. hxg5 hxg5) 25. hxg5 $11 hxg5 26. c4 g4 27. Re1 Ba6 28. Ne5 Rh8 29. Nxg4 $2 (29. Bxg4 $14 {stays ahead.} Nxg4 30. Nxg4) 29... Bxc4 $19 {White is now going downhill.} 30. Ne3 Bb3 31. Ra1 Rd8 ({Better is} 31... Rh4 $19 32. g4 Ne4) 32. a5 $2 {[#]} (32. Ra3 $17 c4 33. d6 $1 {[%mdl 512]}) 32... b5 $1 ({Weaker is} 32... Nxd5 33. Nxd5 Bxd5 34. Rd1 $11) 33. Rb1 c4 ({Inferior is} 33... Bxd5 34. Rd1 $11) 34. f3 Rd6 35. g4 Ra6 36. g5 (36. Ra1 $142) 36... Nh5 37. Ra1 {If only White now had time for Bd7....} Nf4 38. Bc8 $2 (38. Bd7 Ne2+ 39. Kf2) 38... Rd6 39. Bb7 Nh3+ 40. Kg2 Nxg5 41. a6 e6 42. Re1 $2 (42. f4 Nf7 43. dxe6 Rxe6 44. Nd5) 42... c3 {Black is clearly winning.} 43. dxe6 (43. Rb1 $142 c2 44. Rc1 exd5 45. Kf2) 43... Nxe6 44. Rb1 Ba4 45. Kf1 c2 46. Nxc2 Bxc2 47. Ke2 {Accuracy: White = 43%, Black = 58%.} 0-1

[Event "Irish Championship 2020"]
[Site "Dublin"]
[Date "2020.08.03"]
[Round "3.6"]
[White "Wallace, John Paul"]
[Black "Melaugh, Gavin"]
[Result "1-0"]
[WhiteElo "2346"]
[BlackElo "2003"]
[Annotator "TA"]
[PlyCount "41"]
[EventDate "2020.08.01"]
[EventType "swiss"]
[EventCountry "IRL"]
[SourceTitle "playchess.com"]
[Source "ChessBase"]
[SourceQuality "1"]

{[%evp 13,41,44,45,-2,190,193,190,191,236,214,512,506,516,517,598,598,569,583,29989,1539,1614,1600,2974,2971,2768,2659,29987,29988,29984,29985]} 1. e4 d6 2. d4 Nf6 3. Nc3 Nbd7 4. f4 e5 5. Nf3 exd4 6. Qxd4 c6 7. Be3 d5 8. O-O-O {[%cal Re4d5] B07: Pirc Defence: Miscellaneous Systems.} c5 $2 (8... Bc5 $11 9. Qd2 Bxe3 10. Qxe3 dxe4) 9. Qa4 $18 {e5 is the strong threat.} d4 {[#]} 10. Nxd4 $1 {[%mdl 512] White is clearly better.} cxd4 11. Bxd4 {[#]} a6 $146 (11... Be7 {was worth a try.} 12. e5 Nh5) ({Predecessor:} 11... Be7 12. e5 Nh5 13. Be3 g6 14. Bb5 a6 15. Rd2 Rb8 16. Be2 b5 17. Qb3 Ng7 {1-0 (28) Quaranta Neto,F (1977)-Barreto,I (2207) Joao Pessoa 2019}) 12. e5 Ng4 13. Nd5 {Black must now prevent Bb6.} b5 {[#]} 14. Bxb5 $1 {[%mdl 576] Pin} Rb8 (14... axb5 15. Qxa8) 15. Bc6 Bb7 16. Bb6 (16. Bxd7+ $142 Qxd7 17. Nc7+ {[%mdl 64] Double Attack} Kd8 18. Bb6 Bd6 19. Rxd6 {[%mdl 64] Pin} Nf6 20. exf6 Qxd6 21. Ne8+ {[%mdl 64] Double Attack} Qc7 22. Bxc7+ Kc8 23. Bb6) 16... Bxc6 17. Qxc6 Rc8 18. Nc7+ Rxc7 19. Bxc7 {[%mdl 64] Discovered Attack} ({Weaker is} 19. Qxc7 Qxc7 20. Bxc7 Nf2 $11) 19... Qc8 20. e6 fxe6 21. Qxe6+ {[%mdl 64] Double Attack. Black did not feel at home in the position after the opening. Accuracy: White = 71%, Black = 22%.} 1-0

[Event "Irish Championship 2020"]
[Site "Dublin"]
[Date "2020.08.03"]
[Round "3.7"]
[White "Carroll, Peter"]
[Black "Collins, Adam"]
[Result "1/2-1/2"]
[WhiteElo "2009"]
[BlackElo "1760"]
[Annotator "TA"]
[PlyCount "122"]
[EventDate "2020.08.01"]
[EventType "swiss"]
[EventCountry "IRL"]
[SourceTitle "playchess.com"]
[Source "ChessBase"]
[SourceQuality "1"]

{[%evp 13,122,20,29,18,66,34,54,14,6,0,26,-10,27,0,4,2,4,4,10,-16,5,0,9,9,18,11,39,27,35,-41,12,25,19,0,12,10,16,0,27,29,33,0,0,0,0,0,0,0,0,0,0,0,39,18,45,18,20,21,27,20,54,54,61,52,61,60,116,116,144,110,144,144,144,144,158,144,158,123,158,158,158,158,158,158,158,158,158,158,158,158,158,158,158,158,158,158,158,158,158,158,158,158,158,158,158,158,158,95,131,95,158]} 1. e4 c6 2. Nc3 {[%cal Bb1c3,Bc3e4,Be4g3,Bg3h5,Bh5f4][%mdl 32]} d5 3. d4 dxe4 4. Nxe4 Bf5 5. Ng3 Bg6 6. Nh3 e6 {6...Nf6 gains popularity.} 7. Nf4 Bd6 8. Ngh5 {B18: Classical Caro-Kann: 4...Bf5 sidelines.} Bf8 9. Bc4 (9. Be2 {is more complex.} Nd7 10. O-O Qc7 11. c4 Ngf6 12. Be3) 9... Nf6 {[#]} 10. Nxg6 $146 {White is slightly better.} ({Predecessor:} 10. O-O Nxh5 11. Nxh5 Qh4 12. Nf4 Bd6 13. g3 Qd8 14. Re1 O-O 15. Nxg6 hxg6 16. Qg4 {½-½ (58) Berdayes Ason,D (2448)-Fuentes Godoy,L (2132) Merida 2019}) 10... hxg6 11. Nf4 Nd5 12. Nd3 Bd6 (12... Nb6 $5 {[%cal Rb6c4]} 13. Ne5 N8d7 14. Nxd7 Bb4+ 15. c3 Nxc4 $11) 13. Qf3 Qf6 14. Qxf6 gxf6 15. Bd2 Nd7 16. O-O-O O-O-O 17. h4 Ne7 18. g3 Nf5 (18... b5 $5 19. Bb3 $8 Nf5 $11) 19. c3 c5 20. dxc5 Nxc5 21. Rhe1 (21. Nxc5 $14 Bxc5 22. Rhf1) 21... a6 (21... Bxg3 $1 $15 22. Nxc5 Bxf2 {[%mdl 64] Double Attack}) 22. Nxc5 $11 Bxc5 23. Re2 Rd7 24. Be1 Rxd1+ 25. Kxd1 g5 26. hxg5 fxg5 27. Rxe6 Rd8+ 28. Kc2 {[#] Black must now prevent Re5.} fxe6 29. Bxe6+ Kc7 30. Bxf5 {[%mdl 4096] Endgame KRB-KB} Rf8 31. g4 Rh8 32. Bd2 Be7 33. Kd3 Rh2 34. Be3 Bd6 35. a4 {[%cal Ba2a4,Ba4a5][%mdl 32]} Bf4 36. Bd4 Rh1 37. a5 Rd1+ 38. Ke4 Rd2 39. b4 Rxd4+ (39... Kd6 $14) 40. Kxd4 $14 {KB-KB} Bd2 41. Be4 Kb8 42. Kd3 Bf4 43. c4 Bd6 44. Kc3 Bf4 45. Kd4 Kc7 46. Kd5 Bd2 47. Kc5 Bf4 {[#]} 48. b5 $1 axb5 49. cxb5 Kb8 50. Bd5 Be5 51. b6 Bh2 52. Kb5 Bf4 53. Be6 Bh2 54. Bf5 Be5 55. Be4 Bf4 56. Bh1 Be5 57. Kc4 Bf4 58. Kd3 Bd6 59. Ke4 Bf4 60. Kf5 (60. Kd5 $142) 60... Bd2 61. Bd5 Bf4 {Accuracy: White = 75%, Black = 68%.} ({Better is} 61... Kc8 62. Be6+ Kd8) 1/2-1/2

[Event "Irish Championship 2020"]
[Site "Dublin"]
[Date "2020.08.03"]
[Round "3.8"]
[White "Putar, Leon"]
[Black "Brady, Stephen"]
[Result "0-1"]
[WhiteElo "1894"]
[BlackElo "2290"]
[Annotator "TA"]
[PlyCount "104"]
[EventDate "2020.08.01"]
[EventType "swiss"]
[EventCountry "IRL"]
[SourceTitle "playchess.com"]
[Source "ChessBase"]
[SourceQuality "1"]

{[%evp 15,104,67,83,83,67,65,89,108,126,134,97,74,85,52,58,75,91,-110,-112,-121,-89,-87,-60,-138,-129,-166,-147,-152,-144,-164,-134,-146,-140,-135,-101,-122,-122,-141,-145,-139,-156,-166,-162,-161,-90,-76,-73,-104,-98,-125,-118,-160,-137,-148,-121,-205,-194,-340,-333,-529,-488,-449,-454,-633,-580,-1745,-1283,-1751,-1394,-5695,-5129,-29961,-29951,-9705,-5258,-4870,-4622,-29974,-29975,-29975,-29976,-29976,-29977,-29978,-29979,-29979,-29980,-29987,-29988,-29988,-29988]} 1. e4 d6 2. d4 Nf6 3. Nc3 g6 4. Be3 Bg7 5. Qd2 O-O 6. O-O-O c6 7. f3 b5 8. Bh6 Qa5 9. h4 {B07: Pirc Defence: Miscellaneous Systems.} b4 10. Nb1 Nbd7 {[#]} 11. h5 $1 {[%mdl 512] White is better.} Nxh5 {[#]} 12. g4 $146 {[%cal Rg4h5]} ({Predecessor:} 12. e5 Bxh6 13. Qxh6 dxe5 14. g4 Nhf6 15. g5 Nh5 16. Bd3 Rd8 17. Rxh5 Nf8 18. Rh4 exd4 19. Ne2 c5 20. Ng3 Rd6 21. Rdh1 Qxa2 22. b3 c4 23. Qxh7+ Nxh7 24. Rxh7 {1-0 (24) Shapiro,D (2410)-Zhukov,I (2136) Samara 2019}) 12... Ng3 13. Bxg7 {aiming for Rxh7!} Nxh1 14. Bxf8 Nxf8 15. Bd3 $1 Qxa2 16. Qxb4 $2 (16. Nh3 $1 $16) 16... Nf2 $36 {[%mdl 2048] White is under strong pressure.} 17. Rd2 Nxd3+ 18. Rxd3 Qa6 19. Nh3 (19. Ne2 $15) 19... Qb6 20. Rb3 Qxb4 21. Rxb4 h5 22. Nf2 Ne6 23. gxh5 gxh5 24. d5 c5 25. Rb3 Nf4 26. Re3 Kg7 27. Re1 Bd7 28. Nc3 h4 29. Kd2 e5 ({Better is} 29... Ng6 $19 30. Rg1 Rh8) 30. dxe6 fxe6 31. Rg1+ Kf7 32. Ke3 e5 33. Nd5 Nxd5+ 34. exd5 {[%mdl 4096] Endgame intending Ne4. KRB-KRN} Bf5 $1 35. Ne4 {[#]} (35. c3 $17) 35... Bxe4 $1 $19 36. Kxe4 {KR-KR} (36. fxe4 $142 a5 37. Rh1) 36... h3 37. Kf5 (37. f4 {was the only defense.} exf4 38. Rh1) 37... Rh8 38. Rh1 h2 39. b3 a5 40. c4 Rh5+ 41. Kg4 {[#]} Kg6 $1 42. f4 exf4 43. Kxf4 Kf6 44. Kg4 Rh8 45. Kf4 Rh7 46. Kg4 Ke5 {Black mates.} 47. Kg5 Kd4 48. Kf6 Kc3 49. Ke6 Rh6+ 50. Ke7 Kxb3 51. Rxh2 Rxh2 52. Kxd6 Kxc4 {Accuracy: White = 54%, Black = 85%.} 0-1

[Event "Irish Championship 2020"]
[Site "Dublin"]
[Date "2020.08.03"]
[Round "3.9"]
[White "O`Donnell, Conor"]
[Black "Collins, Sam E."]
[Result "0-1"]
[WhiteElo "2304"]
[BlackElo "2459"]
[Annotator "TA"]
[PlyCount "84"]
[EventDate "2020.08.01"]
[EventType "swiss"]
[EventCountry "IRL"]
[SourceTitle "playchess.com"]
[Source "ChessBase"]
[SourceQuality "1"]

{[%evp 17,84,22,28,27,17,20,30,18,20,12,12,-74,-59,-64,13,12,40,31,34,14,19,-17,-20,-41,-2,-67,-41,-53,-18,-30,-26,-25,-11,-11,-11,-29,-29,-29,-29,-37,-29,-40,-33,-206,-183,-236,-229,-384,-398,-378,-372,-358,-370,-393,-343,-598,-568,-1290,-1272,-1386,-1252,-5018,-4634,-4627,-4627,-2286,-2132,-1623,-1601]} 1. d4 d5 2. c4 c6 3. cxd5 cxd5 4. Bf4 Nf6 5. Nc3 Nc6 6. e3 a6 7. Bd3 Bg4 8. Nge2 e6 9. O-O Bd6 10. f3 {D10: Slav Defence: 3 cxd5 (without early Nf3) and 3 Nc3.} Bh5 11. Na4 Bg6 12. Bxg6 {White has an edge.} hxg6 {[#]} 13. Qb3 $146 ({Predecessor:} 13. Rc1 g5 14. Bxd6 Qxd6 15. h3 O-O 16. Nc5 Rab8 {½-½ (16) Ermakov,V (2289)-Filin,E (2342) ICCF email 2018}) 13... g5 14. Bxg5 (14. Bxd6 $11 {keeps the balance.} Qxd6 15. h3) 14... b5 $17 {aiming for ...Na5.} 15. Bxf6 gxf6 ({Black should play} 15... Bxh2+ $15 16. Kf2 Qxf6) 16. Nc5 $11 Bxh2+ 17. Kf2 Bd6 18. Rh1 Ke7 19. a4 (19. Nb7 {with more complications.} Qc7 20. Nxd6 Qxd6 21. Rxh8 Rxh8 22. Rc1) 19... Rxh1 20. Rxh1 Bxc5 21. dxc5 (21. Qc3 $11) 21... Qa5 22. axb5 Qxb5 (22... Rb8 {feels hotter.} 23. Nc3 axb5 24. Ne2 Rc8 25. Qc2 Qb4) 23. Qxb5 axb5 24. Nd4 Nxd4 25. exd4 {[%mdl 4096] Endgame KR-KR} Ra4 26. Rd1 Rb4 27. Rd2 Kd7 28. f4 Kc6 29. Kg3 Rb3+ 30. Kg4 $2 {[#] Loses the game.} (30. Kf2 $15) 30... b4 $1 $19 31. g3 {[#]} (31. Kh5 $142) 31... Re3 $1 32. Kh3 $2 (32. Rd1) 32... e5 33. dxe5 fxe5 34. fxe5 Rxe5 ({Weaker is} 34... Kxc5 35. Rf2 $17) 35. g4 Re7 36. g5 $2 (36. Rc2 d4 37. Kg3) 36... Kxc5 {Black is clearly winning.} 37. Kg4 Kc4 38. Kf5 d4 39. Kf6 Rd7 40. Ke5 d3 41. Kf5 Rd6 42. Kf4 Re6 {Accuracy: White = 48%, Black = 89%.} 0-1